000 01221nam a2200253Ia 4500
003 Ost
005 20260507075219.0
008 260507s9999||||xx |||||||||||||| ||und||
020 _a27240799579
040 _cfsecg
041 _aara
082 _a330
100 _aعبد القادر، السيد متولي
_eمؤلف
245 0 _aالأسواق المالية و النقدية في عالم متغير /
_c السيد متولي عبد القادر
260 _aعمان:
_bدار الفكر,
_c2009
300 _a351 صفحة؛
_bإيضاحات ؛
_c24 سم
504 _aمراجع ص.349
520 _aمجالات الاستثمار و أدواته و مخاطه ، الاسواق المالية ، أسواق النقود و أسواق رأس المال، سوق الأوراق المالية الثانوية ، نظرية المحفظة الاستثمالرية ،المشتقات المالية ، أسواق الصرف الاجنبية و عملياتها أزمة أسواق التمويل العقاري .
653 _aالاسواق المالية
653 _aالاسواق النقدية
653 _aالأموال
653 _aالعملات الأجنبية
942 _cكتاب
999 _c43510
_d43510